Reforma účetní soustavy. 1. Rok 1993: Nové postupy.
Prvá stať zo seriálu, venovanému novej sústave účtovníctva, daňovým požiadavkám, oceňovaniu v účtovníctve atď. Od 1.1.1993 vstupuje do platnosti nová sústava účtovníctva, ktorá predstavuje zásadnú účtovnú reformu. Noví používatelia účtovných informácií. Požiadavky na účtovné výkazy. Vytvárania účtov...
Salvato in:
| Autore principale: | |
|---|---|
| Natura: | Capitolo di libro |
| Lingua: | ceco |
| Soggetti: | |
| Tags: |
Nessun Tag, puoi essere il primo ad aggiungerne!!
|
MARC
| LEADER | 00000naa a2200000 4500 | ||
|---|---|---|---|
| 001 | r010661 | ||
| 005 | 20220831084054.0 | ||
| 041 | 0 | |a cze | |
| 044 | |a [CS] | ||
| 245 | 1 | 0 | |a Reforma účetní soustavy. 1. Rok 1993: Nové postupy. |c R. Schroll |
| 520 | |a Prvá stať zo seriálu, venovanému novej sústave účtovníctva, daňovým požiadavkám, oceňovaniu v účtovníctve atď. Od 1.1.1993 vstupuje do platnosti nová sústava účtovníctva, ktorá predstavuje zásadnú účtovnú reformu. Noví používatelia účtovných informácií. Požiadavky na účtovné výkazy. Vytvárania účtovníckeho systému v podnikoch. Praktické závery pre podnikateľov. | ||
| 610 | 2 | 0 | |a účtovníctvo |
| 610 | 2 | 0 | |a výkazy účtovné |
| 610 | 2 | 0 | |a podnik |
| 610 | 2 | 0 | |a podnikatelia |
| 610 | 2 | 0 | |a zákony |
| 610 | 2 | 0 | |a 1991 |
| 610 | 2 | 0 | |a ČSFR |
| 610 | 2 | 0 | |a 1993 |
| 100 | 1 | |a Schroll, R. | |